| 000 | 00607nam a2200217 a 4500 | ||
|---|---|---|---|
| 001 | BRCA_6157 | ||
| 005 | 20190320205344.0 | ||
| 008 | 060711s1929----mx-#######---#000-0#spa-# | ||
| 041 | _aspa | ||
| 044 | _amx | ||
| 050 | 4 |
_aF1227.5 _b.E54 1929 |
|
| 100 | 1 |
_aElguero, José _d1885-1939 _915517 |
|
| 245 | 1 | 0 |
_aEspaña en los destinos de México _cJosé Elguero |
| 260 |
_aMéxico _b[s.n.] _c1929 |
||
| 300 |
_a218 p. _c18 cm. |
||
| 500 | _aK40 | ||
| 650 | 1 | 4 |
_aEspaña _eRelaciones generales con México _915518 |
| 650 | 1 | 4 |
_aMéxico _eRelaciones generales con España _94504 |
| 902 | _aGFM | ||
| 942 |
_2lcc _cB |
||
| 999 |
_c5844 _d5844 |
||